| 000 | 00827nam a22002297a 4500 | ||
|---|---|---|---|
| 001 | 47069 | ||
| 003 | BD-RjUL | ||
| 005 | 20211209054244.0 | ||
| 008 | 160807s2002 bg ||||| |||| 00| 0 ben d | ||
| 020 |
_a9844372747 _c: TK 400.00 |
||
| 035 | _a(BD-RjUL)47188 | ||
| 040 |
_aBD-RjUL _bben _cBD-RjUL |
||
| 041 | _aben | ||
| 082 |
_223 _a320.95492 _bSAT 2002 |
||
| 245 | 0 | 0 | _a৭ নভেম্বর পটভূমি ও বাস্তবতা / |
| 260 |
_aঢাকা : _bকাকলী প্রকাশনী, _c২০০২ |
||
| 300 |
_a[১০], ৪৩২ পৃ. ; _c২১ সেমি. |
||
| 650 |
_aরাজনীতি _zবাংলাদেশ _9120022 |
||
| 650 |
_aPolitics _zBangladesh _9120023 |
||
| 700 |
_aসিরাজ, কাজী, সম্পাদক _9143359 |
||
| 942 |
_2ddc _cBK |
||
| 999 |
_c47069 _d47069 |
||